Militaire - Forces nucléaires Françaises - Statistiques

Statistiques générales
  • Ce quiz a été pris 97 fois
  • Le résultat moyen est 7 sur 17
Statistiques - réponses
Forces océaniques stratégiques % Correct
Rafale
75%
Charles de Gaulle
63%
Naval Group
63%
M51
58%
Dassault Aviation
50%
Le Terrible
50%
Le Triomphant
50%
Base sous-marine de l'Île Longue (Rade de Brest)
46%
Base navale de Toulon
42%
ASMPA
33%
Le Téméraire
33%
Le Vigilant
29%
base aérienne 113 de Saint-Dizier
21%
ArianeGroup
17%
base aérienne 125 d'Istres
17%
Rafale Marine
13%
base aérienne 702 d'Avord
8%
Aucun quiz correspondant
Distribution des résultats
% des personnes avec chaque résultat
Percentile par nombre de réponses
Votre historique - résultats
Vous n’avez pas pris ce quiz